Culture générale #1 : Choix multiple Facile - Statistiques

Statistiques générales
  • Ce quiz a été pris 558 fois
  • Le résultat moyen est 7 sur 10
Statistiques - réponses
Question Réponse % Correct
Quelle est la capitale de la France ? Paris
97%
Qui a peint La Joconde Leonard de Vinci
96%
Qui as écrit "Roméo et Juliette" William Shakespeare
90%
Quelle est la moyenne d'une température corporelle normale ? 37°C
84%
Quel est le plus grand océan du monde ? Pacifique
84%
Quelle est la planète la plus proche du soleil ? Mercure
82%
Quel est le président actuel des États-Unis ? (2023) Biden
68%
Quel est le plus long fleuve du monde ? Amazone
52%
Quel est le plus grand désert du monde ? Antarctique
43%
Quel est le gaz le plus abondant dans l'atmosphère terrestre ? Azote
34%
Aucun quiz correspondant
Distribution des résultats
% des personnes avec chaque résultat
Percentile par nombre de réponses
Votre historique - résultats
Vous n’avez pas pris ce quiz